Normal view MARC view

Entry Personal Name

Number of records used in: 1

001 - CONTROL NUMBER

  • control field: 631524

003 - CONTROL NUMBER IDENTIFIER

  • control field: OSt

005 - DATE AND TIME OF LATEST TRANSACTION

  • control field: 20221005122124.0

008 - FIXED-LENGTH DATA ELEMENTS

  • fixed length control field: 221005|| aca||aabn | a|a d

040 ## - CATALOGING SOURCE

  • Original cataloging agency: OSt
  • Transcribing agency: OSt

100 ## - HEADING--PERSONAL NAME

  • Personal name: Government of United States.. Commission of organisation of the executive branch of the government. 1955

670 ## - SOURCE DATA FOUND

  • Source citation: Work cat.: (OSt)1043317: Government of United States.. Commission of organisation of the executive branch of the government. 1955. 631523, Intelligence activities , 1955
Copyright @ Delhi University Library System